LEADER 01272nas a2200265 i 4500 001 000000216693 003 CaOOAMICUS 005 20121203000000.0 008 121107b2012 gw uu u0 0ger r 013 $a195588 020 $a978-3-402-10564-1 040 $aSeMil$bita 245 14$aDas kirchliche Arbeitsrecht vor neuen Herausforderungen /$cherausgegeben von Burkhard Kämper und Hans-Werner Thönnes. 260 $aMünster :$bAschendorff,$ccopyr. 2012. 300 $aX, 220 p. ;$c23 cm. 500 $aAtti del 46. Essener Gespräch, Essen, 28-29 marzo 2011. - Titolo dalla copertina. 700 1 $aEssener Gespräch «Das kirchliche Arbeitsrecht vor neuen Herausforderungen» <46 ; 2011 ; Essen>.$0(OLS)http://semarc/name/76646 700 1 $aThönnes, Hans-Werner.$0(OLS)http://semarc/name/41922 700 1 $aKämper, Burkhard.$0(OLS)http://semarc/name/41921 850 $aSeMil 852 $aSeMil$W1$xVenegono$y1$m226 5 46$j167109$B167109$CSeMilBibl$Z2$F178536 $85 961 $aAbbonamento: Aschendorff 996 $6020$a978-3-402-10564-1$9(OLS)http://semarc/number/213798 996 $6245$aDas kirchliche Arbeitsrecht vor neuen Herausforderungen$9(OLS)http://semarc/title/311516 996 $6260$aMünster :$bAschendorff$9(OLS)http://semarc/publisher/29674 LEADER 01250nam a2200301 i 4500 001 000000119004 003 CaOOAMICUS 005 20031014000000.0 008 031014s1988 it u000 u ita u 013 $a91697 040 $aSeMil$bita 100 1 $aSorskij, Nil.$0(OLS)http://semarc/name/49640 245 10$aVita e scritti /$cNil Sorskij ; a cura di Enzo Bianchi ; traduzione di Marusja Galmozzi e Lisa Cremaschi. 260 $aTorino :$bGribaudi,$c1988. 300 $a184 p. ;$c21 cm. 490 0 $aCollana di spiritualità russa 500 $aFondo Card. C.M. Martini. 650 4$aNil Sorskij .$0(OLS)http://semarc/subject/22248 700 1 $aCremaschi, Lisa.$0(OLS)http://semarc/name/30282 700 1 $aGalmozzi, Marusja.$0(OLS)http://semarc/name/49641 700 1 $aBianchi, Enzo,$d<1943- >.$0(OLS)http://semarc/name/367 830 0$aCollana di spiritualità russa.$0(OLS)http://semarc/title/13446 850 $aSeMil 852 $aSeMil$W1$xVenegono$y1$m2K I 98$j74249$B74249$CSeMilBibl$Z2$F97860 $81 941 1 $a4 961 $aOmaggio: Martini Card. Carlo Maria 996 $6245$aVita e scritti$9(OLS)http://semarc/title/174845 996 $6260$aTorino :$bGribaudi$9(OLS)http://semarc/publisher/31540